-
PROVOST, FOSTER AND FAWCETT, TOM
Entry Personal Name
Number of records used in: 1
001 - CONTROL NUMBER
003 - CONTROL NUMBER IDENTIFIER
005 - DATE AND TIME OF LATEST TRANSACTION
- control field:
20260309175857.0
008 - FIXED-LENGTH DATA ELEMENTS
- fixed length control field:
260309|| aca||aabn | a|a d
040 ## - CATALOGING SOURCE
- Original cataloging agency:
JRU
- Transcribing agency:
JRU
100 ## - HEADING--PERSONAL NAME
- Personal name:
PROVOST, FOSTER AND FAWCETT, TOM
670 ## - SOURCE DATA FOUND
- Source citation:
Work cat.: (JRU)9069: PROVOST, FOSTER AND FAWCETT, TOM, DATA SCIENCE FOR BUSINESS, 2013